00385nam a2200145Ia 4500008004100000020001500041041001200056082001600068100001500084245007200099260002500171300000800196650001900204700001600223221030s9999 xx 000 0 und d a8178086301 aEnglish a105.23bHog aR. V. Hogg 0aIntroduction to Mathematical Statisticscby R. V. Hogg, A. T. Craig bTMHaNew Delhic2002 a564 aBE Mathematics aA. T. Craig